[Event "La Valetta ol (Men)"]
[Site "La Valetta"]
[Date "1980.11.27"]
[Round "7"]
[White "Csom, Istvan"]
[Black "Kasparov, Garry"]
[Result "1/2-1/2"]
[WhiteElo "2510"]
[BlackElo "2595"]
[PlyCount "45"]
[EventDate "1980.11.20"]
[EventType "team"]
[EventRounds "14"]
[EventCountry "MLT"]
[Source "ChessBase"]
[SourceDate "1999.11.16"]
[WhiteTeam "HUN"]
[BlackTeam "URS"]
[WhiteTeamCountry "HUN"]
[BlackTeamCountry "URS"]

1. Nf3 Nf6 2. c4 g6 3. g3 Bg7 4. Bg2 O-O 5. O-O d6 6. Nc3 e5 7. d4 Nbd7 8. h3
c6 9. e4 Qb6 10. dxe5 Nxe5 11. Nxe5 dxe5 12. Qc2 Nh5 13. Be3 Qc7 14. Qe2 Be6
15. Rad1 Rfd8 16. Na4 Rxd1 17. Rxd1 Rd8 18. b3 Rxd1+ 19. Qxd1 Bf8 20. Qd2 Nf6
21. Nc5 Bc8 22. Qc3 Nd7 23. Nxd7 1/2-1/2

[Event "La Valetta ol (Men)"]
[Site "La Valetta"]
[Date "1980.12.03"]
[Round "12"]
[White "Gheorghiu, Florin"]
[Black "Portisch, Lajos"]
[Result "1/2-1/2"]
[WhiteElo "2520"]
[BlackElo "2630"]
[PlyCount "113"]
[EventDate "1980.11.20"]
[EventType "team"]
[EventRounds "14"]
[EventCountry "MLT"]
[Source "ChessBase"]
[SourceDate "1999.11.16"]
[WhiteTeam "ROM"]
[BlackTeam "HUN"]
[WhiteTeamCountry "ROM"]
[BlackTeamCountry "HUN"]

1. Nf3 Nf6 2. c4 e6 3. Nc3 b6 4. e4 Bb7 5. d3 d6 6. g3 c5 7. Bg2 g6 8. O-O Bg7
9. Re1 O-O 10. d4 cxd4 11. Nxd4 a6 12. b3 Nbd7 13. Bb2 Qc7 14. Re2 Rad8 15. Qe1
Rfe8 16. Rd1 Qb8 17. f3 Ba8 18. Kh1 Nc5 19. Ba1 h5 20. Bb2 h4 21. g4 g5 22. Bc1
Nh7 23. h3 Qc7 24. Be3 Qe7 25. Nc2 Be5 26. Bd4 a5 27. Bxe5 dxe5 28. Red2 Nf8
29. Rxd8 Rxd8 30. Rxd8 Qxd8 31. Qd1 Qxd1+ 32. Nxd1 Ng6 33. Nce3 Nf4 34. Kg1
Ne2+ 35. Kf1 Nc1 36. Nc3 N5d3 37. Nc2 Bc6 38. Ne1 Nb4 39. Kf2 Nbxa2 40. Nxa2
Nxa2 41. Nd3 f6 42. Bf1 Kf7 43. Ke3 Ke7 44. Kd2 Kd6 45. Kc2 f5 46. Bg2 Be8 47.
Bf1 Bc6 48. Bg2 Bb7 49. Kd2 Ba6 50. Bf1 Bc8 51. Kc2 Bb7 52. Bg2 Bc6 53. Kd2 Be8
54. Kc2 Bg6 55. Kd2 fxe4 56. fxe4 Be8 57. Kc2 1/2-1/2

[Event "La Valetta ol (Men)"]
[Site "La Valetta"]
[Date "1980.12.03"]
[Round "12"]
[White "Ghinda, Mihail Viorel"]
[Black "Sax, Gyula"]
[Result "0-1"]
[WhiteElo "2445"]
[BlackElo "2550"]
[PlyCount "42"]
[EventDate "1980.11.20"]
[EventType "team"]
[EventRounds "14"]
[EventCountry "MLT"]
[Source "ChessBase"]
[SourceDate "1999.11.16"]
[WhiteTeam "ROM"]
[BlackTeam "HUN"]
[WhiteTeamCountry "ROM"]
[BlackTeamCountry "HUN"]

1. e4 c5 2. Nf3 d6 3. d4 cxd4 4. Nxd4 Nf6 5. Nc3 g6 6. Bg5 Bg7 7. Bb5+ Bd7 8.
Qe2 Nc6 9. O-O-O Rc8 10. Bxc6 bxc6 11. f4 O-O 12. e5 dxe5 13. fxe5 Nd5 14. Nxd5
cxd5 15. e6 fxe6 16. Nxe6 Qb6 17. Nxg7 Rf2 18. Qd3 Kxg7 19. Rd2 Bf5 20. Be3
Bxd3 21. Bxf2 Qf6 0-1

[Event "La Valetta ol (Men)"]
[Site "La Valetta"]
[Date "1980.11.21"]
[Round "2"]
[White "Heim, Sverre"]
[Black "Ribli, Zoltan"]
[Result "1/2-1/2"]
[WhiteElo "2335"]
[BlackElo "2585"]
[PlyCount "66"]
[EventDate "1980.11.20"]
[EventType "team"]
[EventRounds "14"]
[EventCountry "MLT"]
[Source "ChessBase"]
[SourceDate "1999.11.16"]
[WhiteTeam "NOR"]
[BlackTeam "HUN"]
[WhiteTeamCountry "NOR"]
[BlackTeamCountry "HUN"]

1. c4 c5 2. Nc3 Nc6 3. g3 g6 4. Bg2 Bg7 5. Nf3 e5 6. d3 Nge7 7. O-O O-O 8. Ne1
d6 9. Nc2 Be6 10. Ne3 a6 11. Ned5 Rb8 12. a4 h6 13. Bd2 a5 14. h3 Kh7 15. Kh2
f5 16. f4 Bg8 17. Rb1 Nb4 18. Nxb4 axb4 19. Nd5 Nxd5 20. cxd5 Qd7 21. e4 Ra8
22. fxe5 Bxe5 23. exf5 Rxf5 24. Rxf5 Qxf5 25. Be3 Qd7 26. d4 cxd4 27. Bxd4 Rxa4
28. Bxe5 dxe5 29. Qe2 Qd6 30. Qb5 Ra7 31. Rc1 Bf7 32. Rc4 Kg7 33. Qxb4 Ra6
1/2-1/2

[Event "La Valetta ol (Men)"]
[Site "La Valetta"]
[Date "1980.11.28"]
[Round "8"]
[White "Ivkov, Borislav"]
[Black "Ribli, Zoltan"]
[Result "1/2-1/2"]
[WhiteElo "2515"]
[BlackElo "2585"]
[PlyCount "43"]
[EventDate "1980.11.20"]
[EventType "team"]
[EventRounds "14"]
[EventCountry "MLT"]
[Source "ChessBase"]
[SourceDate "1999.11.16"]
[WhiteTeam "YUG"]
[BlackTeam "HUN"]
[WhiteTeamCountry "YUG"]
[BlackTeamCountry "HUN"]

1. Nf3 c5 2. c4 Nf6 3. Nc3 e6 4. e3 Nc6 5. d4 d5 6. a3 a6 7. dxc5 Bxc5 8. b4
Ba7 9. Bb2 O-O 10. Be2 dxc4 11. Bxc4 b5 12. Bd3 Bb7 13. Ne4 Nxe4 14. Bxe4 Nxb4
15. Bxb7 Nd3+ 16. Ke2 Nxb2 17. Qxd8 Raxd8 18. Bxa6 Rb8 19. Rab1 Rb6 20. Rxb2
Rxa6 21. Rxb5 Rxa3 22. Rd1 1/2-1/2

[Event "La Valetta ol (Men)"]
[Site "La Valetta"]
[Date "1980.11.27"]
[Round "7"]
[White "Karpov, Anatoly"]
[Black "Portisch, Lajos"]
[Result "1/2-1/2"]
[WhiteElo "2725"]
[BlackElo "2630"]
[PlyCount "61"]
[EventDate "1980.11.20"]
[EventType "team"]
[EventRounds "14"]
[EventCountry "MLT"]
[Source "ChessBase"]
[SourceDate "1999.11.16"]
[WhiteTeam "URS"]
[BlackTeam "HUN"]
[WhiteTeamCountry "URS"]
[BlackTeamCountry "HUN"]

1. d4 Nf6 2. c4 e6 3. Nf3 b6 4. e3 Bb7 5. Bd3 c5 6. O-O Be7 7. b3 O-O 8. Bb2
cxd4 9. exd4 d5 10. Nbd2 Ne4 11. Re1 Nxd2 12. Nxd2 Nd7 13. Nf3 Rc8 14. Rc1 Re8
15. Qe2 Bd6 16. Qe3 dxc4 17. bxc4 Qc7 18. g3 Nf6 19. Bf1 Qb8 20. Bg2 Nd7 21.
Qd3 Rcd8 22. Ng5 Nf6 23. d5 e5 24. Ne4 Nxe4 25. Bxe4 g6 26. Bg2 Qc7 27. f4 f6
28. fxe5 Bxe5 29. Ba3 Bd6 30. Bb2 Be5 31. Ba3 1/2-1/2

[Event "La Valetta ol (Men)"]
[Site "La Valetta"]
[Date "1980.11.29"]
[Round "9"]
[White "Maki, Veijo"]
[Black "Csom, Istvan"]
[Result "0-1"]
[WhiteElo "2205"]
[BlackElo "2510"]
[PlyCount "148"]
[EventDate "1980.11.20"]
[EventType "team"]
[EventRounds "14"]
[EventCountry "MLT"]
[Source "ChessBase"]
[SourceDate "1999.11.16"]
[WhiteTeam "FIN"]
[BlackTeam "HUN"]
[WhiteTeamCountry "FIN"]
[BlackTeamCountry "HUN"]

1. e4 c5 2. Nf3 d6 3. d4 cxd4 4. Nxd4 Nf6 5. Nc3 Nc6 6. f4 Qb6 7. Nf3 e6 8. Bd3
a6 9. Qe2 Be7 10. a3 d5 11. e5 Nd7 12. b4 Nd4 13. Qf2 Nxf3+ 14. Qxf3 Qc7 15.
Bb2 Nb6 16. Ne2 Bd7 17. O-O Nc4 18. Bd4 g6 19. Qf2 a5 20. c3 Ra6 21. Kh1 axb4
22. axb4 Bb5 23. Rxa6 bxa6 24. f5 gxf5 25. g4 Na3 26. Bxb5+ Nxb5 27. gxf5 Kd7
28. Nf4 Qc6 29. Rg1 Nxc3 30. Rc1 Ne4 31. Qg1 Qa8 32. fxe6+ fxe6 33. Qd1 Rc8 34.
Qa4+ Rc6 35. Nxe6 Qb7 36. Nf4 Qb5 37. Qa3 Rxc1+ 38. Qxc1 Qc4 39. Qd1 Bxb4 40.
Qg4+ Kc7 41. Qg7+ Kc6 42. Qh6+ Kb5 43. Qb6+ Ka4 44. Kg2 Nd2 45. Kg3 Ba5 46. Qb2
Nb3 47. Ne2 Bd2 48. Kf2 Qd3 49. Nc3+ Bxc3 50. Bxc3 Qf5+ 51. Kg3 Qg5+ 52. Kf3
Qh5+ 53. Kf4 Qh4+ 54. Kf5 Qe4+ 55. Ke6 Qc4 56. Kf6 d4 57. Bd2 Nc5 58. Kg7 Nb3
59. Kf6 Qd3 60. Be1 Qf3+ 61. Ke7 Qe3 62. Qa2+ Kb5 63. Bg3 Qg5+ 64. Kf7 Qg6+ 65.
Ke7 Qg7+ 66. Ke8 Qg8+ 67. Ke7 Qc4 68. e6 d3 69. Be1 Qc2 70. Qa3 d2 71. Bxd2
Nxd2 72. Kd8 Nc4 73. Qg3 Qd2+ 74. Kc7 Qe3 0-1

[Event "La Valetta ol (Men)"]
[Site "La Valetta"]
[Date "1980.11.23"]
[Round "4"]
[White "Murey, Jacob"]
[Black "Pinter, Jozsef"]
[Result "0-1"]
[WhiteElo "2440"]
[BlackElo "2535"]
[PlyCount "52"]
[EventDate "1980.11.20"]
[EventType "team"]
[EventRounds "14"]
[EventCountry "MLT"]
[Source "ChessBase"]
[SourceDate "1999.11.16"]
[WhiteTeam "ISR"]
[BlackTeam "HUN"]
[WhiteTeamCountry "ISR"]
[BlackTeamCountry "HUN"]

1. e4 c5 2. Nf3 d6 3. d4 cxd4 4. Nxd4 Nf6 5. Nc3 a6 6. Bg5 e6 7. f4 Qb6 8. f5
Qxb2 9. Na4 Qa3 10. c3 Bd7 11. fxe6 fxe6 12. Bxf6 gxf6 13. Qh5+ Ke7 14. Bc4
Qxa4 15. Bb3 Qa3 16. Nf5+ exf5 17. Qf7+ Kd8 18. Qxf6+ Kc7 19. Qxh8 Qc5 20.
O-O-O Nc6 21. Kb2 Re8 22. Rhf1 Rxe4 23. Qxf8 Re2+ 24. Bc2 Nb4 25. Rc1 Nd3+ 26.
Kb1 Qa3 0-1

[Event "La Valetta ol (Men)"]
[Site "La Valetta"]
[Date "1980.11.28"]
[Round "8"]
[White "Nikolic, Predrag"]
[Black "Csom, Istvan"]
[Result "1/2-1/2"]
[WhiteElo "2330"]
[BlackElo "2510"]
[PlyCount "48"]
[EventDate "1980.11.20"]
[EventType "team"]
[EventRounds "14"]
[EventCountry "MLT"]
[Source "ChessBase"]
[SourceDate "1999.11.16"]
[WhiteTeam "YUG"]
[BlackTeam "HUN"]
[WhiteTeamCountry "YUG"]
[BlackTeamCountry "HUN"]

1. d4 Nf6 2. c4 e6 3. Nf3 b6 4. g3 Ba6 5. b3 Bb4+ 6. Bd2 Be7 7. Bg2 O-O 8. O-O
c6 9. Bc3 d5 10. Nbd2 Nbd7 11. Re1 c5 12. e4 Nxe4 13. Nxe4 dxe4 14. Rxe4 Bb7
15. Re3 Bf6 16. Rd3 cxd4 17. Bxd4 Qc7 18. Bxf6 Nxf6 19. Qe2 Rad8 20. Rad1 Rxd3
21. Qxd3 Be4 22. Qd4 Qb7 23. Ne1 Bxg2 24. Nxg2 Re8 1/2-1/2

[Event "La Valetta ol (Men)"]
[Site "La Valetta"]
[Date "1980.12.06"]
[Round "14"]
[White "Pinter, Jozsef"]
[Black "Hjartarson, Johann"]
[Result "1-0"]
[WhiteElo "2535"]
[BlackElo "2250"]
[PlyCount "61"]
[EventDate "1980.11.20"]
[EventType "team"]
[EventRounds "14"]
[EventCountry "MLT"]
[Source "ChessBase"]
[SourceDate "1999.11.16"]
[WhiteTeam "HUN"]
[BlackTeam "ISL"]
[WhiteTeamCountry "HUN"]
[BlackTeamCountry "ISL"]

1. d4 Nf6 2. c4 c5 3. d5 b5 4. cxb5 a6 5. e3 g6 6. Nc3 Bg7 7. a4 O-O 8. Bc4 Bb7
9. Nge2 axb5 10. Bxb5 Na6 11. O-O Nb4 12. e4 e6 13. Bg5 h6 14. Bh4 g5 15. Bg3
exd5 16. exd5 d6 17. Bc4 Re8 18. Rc1 Nbxd5 19. Qb3 Qb6 20. Nb5 Rad8 21. Nec3
Nxc3 22. Bxf7+ Kh8 23. bxc3 Re7 24. Bg6 g4 25. Qc2 Qc6 26. f3 d5 27. Bh4 gxf3
28. Rxf3 Ra8 29. Rcf1 Re6 30. Nc7 Re7 31. Rxf6 1-0

[Event "La Valetta ol (Men)"]
[Site "La Valetta"]
[Date "1980.12.03"]
[Round "12"]
[White "Pinter, Jozsef"]
[Black "Stoica, Valentin"]
[Result "1-0"]
[WhiteElo "2535"]
[BlackElo "2435"]
[PlyCount "141"]
[EventDate "1980.11.20"]
[EventType "team"]
[EventRounds "14"]
[EventCountry "MLT"]
[Source "ChessBase"]
[SourceDate "1999.11.16"]
[WhiteTeam "HUN"]
[BlackTeam "ROM"]
[WhiteTeamCountry "HUN"]
[BlackTeamCountry "ROM"]

1. d4 Nf6 2. c4 e6 3. Nc3 Bb4 4. Nf3 b6 5. Bg5 h6 6. Bh4 g5 7. Bg3 Ne4 8. Qc2
Bb7 9. e3 Bxc3+ 10. bxc3 d6 11. Bd3 Nxg3 12. hxg3 Nd7 13. a4 a5 14. Be4 Bxe4
15. Qxe4 Ke7 16. Rb1 Nf6 17. Qd3 Nd7 18. Ke2 Qg8 19. e4 Qg6 20. Rb5 Rad8 21.
Nd2 h5 22. Qe3 f6 23. Rh2 h4 24. g4 Rh7 25. Qd3 Rdh8 26. Rh3 Qe8 27. Nf1 Nf8
28. Kd2 Ng6 29. Qf3 Nf4 30. Rh2 h3 31. g3 Ng2 32. Ke2 Qc6 33. Nd2 e5 34. Qd3
Qd7 35. f3 Rd8 36. Kf2 Qe6 37. Rh1 Kf7 38. Rhb1 Rhh8 39. Kg1 Kg7 40. Kh2 Qd7
41. Nb3 Qe6 42. Nc1 Rd7 43. Ne2 Kg8 44. Rh1 Rdh7 45. Nc1 Kg7 46. Nb3 Kg6 47.
Nd2 Qd7 48. Rhb1 Qd8 49. Qe2 Rd7 50. d5 Rdh7 51. c5 dxc5 52. Nc4 Rd7 53. d6
Rxd6 54. Nxd6 Qxd6 55. Rd1 Qc6 56. c4 Qe8 57. Rd3 Qf7 58. Rd2 Qe8 59. Qd3 Rh7
60. Rd1 Rh8 61. Qa3 Qf7 62. Qc3 Qe8 63. Rd2 Rh7 64. Rd3 Rh8 65. Qd2 Qg8 66. Rb2
Qxc4 67. Rd7 Rc8 68. Rc2 Qe6 69. Rc3 c4 70. Rd5 c6 71. Rd6 1-0

[Event "La Valetta ol (Men)"]
[Site "La Valetta"]
[Date "1980.11.21"]
[Round "2"]
[White "Portisch, Lajos"]
[Black "Helmers, Knut Jaran"]
[Result "1-0"]
[WhiteElo "2630"]
[BlackElo "2205"]
[PlyCount "63"]
[EventDate "1980.11.20"]
[EventType "team"]
[EventRounds "14"]
[EventCountry "MLT"]
[Source "ChessBase"]
[SourceDate "1999.11.16"]
[WhiteTeam "HUN"]
[BlackTeam "NOR"]
[WhiteTeamCountry "HUN"]
[BlackTeamCountry "NOR"]

1. d4 Nf6 2. c4 e6 3. Nf3 b6 4. e3 Bb7 5. Bd3 Be7 6. O-O O-O 7. b3 c5 8. Bb2
cxd4 9. exd4 d5 10. Qe2 Nc6 11. Nbd2 Rc8 12. Rac1 Re8 13. Rfd1 Bf8 14. a3 g6
15. h3 Bg7 16. c5 bxc5 17. dxc5 e5 18. Bb5 Nd7 19. Nf1 d4 20. b4 Qe7 21. Re1
Qd8 22. N3d2 Nf6 23. Nc4 Re6 24. Nd6 Rxd6 25. cxd6 Ne8 26. Ba6 Nxd6 27. Bxb7
Nxb7 28. Qb5 Qd7 29. Nd2 Nd6 30. Qd5 Ne7 31. Rxc8+ Nexc8 32. Nc4 1-0

[Event "La Valetta ol (Men)"]
[Site "La Valetta"]
[Date "1980.12.02"]
[Round "11"]
[White "Portisch, Lajos"]
[Black "Hort, Vlastimil"]
[Result "1/2-1/2"]
[WhiteElo "2630"]
[BlackElo "2595"]
[PlyCount "38"]
[EventDate "1980.11.20"]
[EventType "team"]
[EventRounds "14"]
[EventCountry "MLT"]
[Source "ChessBase"]
[SourceDate "1999.11.16"]
[WhiteTeam "HUN"]
[BlackTeam "CSR"]
[WhiteTeamCountry "HUN"]
[BlackTeamCountry "CSR"]

1. c4 e5 2. Nc3 Nc6 3. g3 g6 4. Bg2 Bg7 5. Rb1 a5 6. a3 f5 7. d3 Nf6 8. e3 d6
9. Nge2 h5 10. h4 Qe7 11. b4 axb4 12. axb4 Nd8 13. e4 Nf7 14. b5 Rb8 15. exf5
Bxf5 16. Ne4 Nxe4 17. Bxe4 Bxe4 18. dxe4 O-O 19. Qd3 Qe6 1/2-1/2

[Event "La Valetta ol (Men)"]
[Site "La Valetta"]
[Date "1980.11.28"]
[Round "8"]
[White "Portisch, Lajos"]
[Black "Ljubojevic, Ljubomir"]
[Result "1/2-1/2"]
[WhiteElo "2630"]
[BlackElo "2605"]
[PlyCount "52"]
[EventDate "1980.11.20"]
[EventType "team"]
[EventRounds "14"]
[EventCountry "MLT"]
[Source "ChessBase"]
[SourceDate "1999.11.16"]
[WhiteTeam "HUN"]
[BlackTeam "YUG"]
[WhiteTeamCountry "HUN"]
[BlackTeamCountry "YUG"]

1. c4 e5 2. Nc3 Nc6 3. g3 d6 4. Bg2 Be6 5. d3 Qd7 6. Nd5 Nge7 7. Qa4 Rb8 8. Bd2
b5 9. cxb5 Bxd5 10. Bxd5 Nd4 11. Bg2 Qxb5 12. Qxb5+ Rxb5 13. Rb1 c5 14. Nf3
Nc2+ 15. Kd1 Nb4 16. a3 Nbc6 17. e3 g6 18. Ke2 Bg7 19. Ng5 h6 20. Ne4 Kd7 21.
Nc3 Rb3 22. Nd5 Rhb8 23. Bc3 Ke6 24. Nc7+ Kd7 25. Nd5 Ke6 26. Nc7+ Kd7 1/2-1/2

[Event "La Valetta ol (Men)"]
[Site "La Valetta"]
[Date "1980.11.29"]
[Round "9"]
[White "Portisch, Lajos"]
[Black "Westerinen, Heikki MJ"]
[Result "1-0"]
[WhiteElo "2630"]
[BlackElo "2485"]
[PlyCount "103"]
[EventDate "1980.11.20"]
[EventType "team"]
[EventRounds "14"]
[EventCountry "MLT"]
[Source "ChessBase"]
[SourceDate "1999.11.16"]
[WhiteTeam "HUN"]
[BlackTeam "FIN"]
[WhiteTeamCountry "HUN"]
[BlackTeamCountry "FIN"]

1. d4 Nf6 2. c4 g6 3. Nf3 Bg7 4. g3 O-O 5. Bg2 d6 6. Nc3 Nbd7 7. O-O e5 8. e4
c6 9. h3 Ne8 10. Re1 exd4 11. Nxd4 Qb6 12. Nb3 Qb4 13. Bf1 Nc5 14. Be3 Na4 15.
Nxa4 Qxa4 16. Qd2 a5 17. Bd4 Qb4 18. Qe3 a4 19. Nd2 Bxd4 20. Qxd4 c5 21. a3 Qb6
22. Qc3 f6 23. Rad1 Bd7 24. Bg2 Ng7 25. Re3 Bc6 26. Nf3 Rad8 27. Ne1 f5 28. Nd3
fxe4 29. Bxe4 Rde8 30. Bxc6 bxc6 31. Rxe8 Rxe8 32. Nf4 Nf5 33. Qf6 Qd8 34. Qxd8
Rxd8 35. Ne2 Rb8 36. Rd2 Rb3 37. Nc3 h5 38. Kg2 h4 39. g4 Nd4 40. Nxa4 Kf7 41.
Nc3 g5 42. Ne4 Ne6 43. Nxd6+ Kf8 44. Ne4 Nf4+ 45. Kh2 Rxh3+ 46. Kg1 Ne6 47. Rd6
Nd4 48. Nxc5 Ne2+ 49. Kf1 Nf4 50. Rf6+ Ke7 51. Rxf4 gxf4 52. Kg2 1-0

[Event "La Valetta ol (Men)"]
[Site "La Valetta"]
[Date "1980.11.20"]
[Round "1"]
[White "Pritchett, Craig William"]
[Black "Portisch, Lajos"]
[Result "0-1"]
[WhiteElo "2410"]
[BlackElo "2630"]
[PlyCount "49"]
[EventDate "1980.11.20"]
[EventType "team"]
[EventRounds "14"]
[EventCountry "MLT"]
[Source "ChessBase"]
[SourceDate "1999.11.16"]
[WhiteTeam "SCO"]
[BlackTeam "HUN"]
[WhiteTeamCountry "SCO"]
[BlackTeamCountry "HUN"]

1. e4 c5 2. Nf3 d6 3. d4 cxd4 4. Nxd4 Nf6 5. Nc3 a6 6. Be2 e5 7. Nb3 Be7 8. O-O
O-O 9. Bg5 Be6 10. f4 exf4 11. Bxf4 Nc6 12. Kh1 Rc8 13. Qe1 Ne8 14. Rd1 Bh4 15.
Qd2 Bf6 16. Be3 Be5 17. Nd4 Nxd4 18. Bxd4 Nf6 19. Bxe5 dxe5 20. Qg5 Nd7 21. Qg3
Qb6 22. Bg4 Bxg4 23. Qxg4 Nf6 24. Qg3 Qxb2 25. Rd3 0-1

[Event "La Valetta ol (Men)"]
[Site "La Valetta"]
[Date "1980.11.29"]
[Round "9"]
[White "Rantanen, Yrjo A"]
[Black "Ribli, Zoltan"]
[Result "1/2-1/2"]
[WhiteElo "2410"]
[BlackElo "2585"]
[PlyCount "36"]
[EventDate "1980.11.20"]
[EventType "team"]
[EventRounds "14"]
[EventCountry "MLT"]
[Source "ChessBase"]
[SourceDate "1999.11.16"]
[WhiteTeam "FIN"]
[BlackTeam "HUN"]
[WhiteTeamCountry "FIN"]
[BlackTeamCountry "HUN"]

1. e4 c5 2. Nf3 d6 3. d4 cxd4 4. Nxd4 Nf6 5. Nc3 a6 6. f4 Qc7 7. Be2 e6 8. O-O
Be7 9. Be3 O-O 10. Qe1 b5 11. Bf3 Bb7 12. e5 Ne8 13. Qg3 dxe5 14. fxe5 Nd7 15.
Rad1 b4 16. Nce2 Bxf3 17. Nxf3 Nc5 18. Bd4 a5 1/2-1/2

[Event "La Valetta ol (Men)"]
[Site "La Valetta"]
[Date "1980.11.30"]
[Round "10"]
[White "Ree, Hans"]
[Black "Sax, Gyula"]
[Result "0-1"]
[WhiteElo "2420"]
[BlackElo "2550"]
[PlyCount "40"]
[EventDate "1980.11.20"]
[EventType "team"]
[EventRounds "14"]
[EventCountry "MLT"]
[Source "ChessBase"]
[SourceDate "1999.11.16"]
[WhiteTeam "NED"]
[BlackTeam "HUN"]
[WhiteTeamCountry "NED"]
[BlackTeamCountry "HUN"]

1. d4 Nf6 2. c4 c5 3. d5 b5 4. cxb5 a6 5. e3 e6 6. Nc3 exd5 7. Nxd5 Bb7 8. e4
axb5 9. Bg5 Be7 10. Nxe7 Qxe7 11. f3 O-O 12. Bxb5 d5 13. Ne2 dxe4 14. fxe4 Qe5
15. Qc1 Nxe4 16. Bf4 Qe6 17. O-O Nc6 18. Bc4 Qg6 19. Ng3 Nd4 20. Bd3 Nxg3 0-1

[Event "La Valetta ol (Men)"]
[Site "La Valetta"]
[Date "1980.11.25"]
[Round "5"]
[White "Ribli, Zoltan"]
[Black "Seirawan, Yasser"]
[Result "1-0"]
[WhiteElo "2585"]
[BlackElo "2510"]
[PlyCount "59"]
[EventDate "1980.11.20"]
[EventType "team"]
[EventRounds "14"]
[EventCountry "MLT"]
[Source "ChessBase"]
[SourceDate "1999.11.16"]
[WhiteTeam "HUN"]
[BlackTeam "USA"]
[WhiteTeamCountry "HUN"]
[BlackTeamCountry "USA"]

1. d4 Nf6 2. c4 e6 3. Nc3 Bb4 4. Nf3 b6 5. Bg5 h6 6. Bh4 g5 7. Bg3 Ne4 8. Qc2
Bb7 9. e3 f5 10. Bd3 Bxc3+ 11. bxc3 d6 12. d5 exd5 13. cxd5 Bxd5 14. Nd4 Qf6
15. f3 Nc5 16. Bxf5 Nbd7 17. Nb5 O-O-O 18. Rd1 Be6 19. Be4 Kb8 20. Rxd6 Ne5 21.
Rxd8+ Rxd8 22. O-O Bd7 23. Nd4 Ba4 24. Bxe5 Qxe5 25. Qxa4 Qxe4 26. Nc6+ Kc8 27.
Qxe4 Nxe4 28. Nxd8 Nd2 29. Rd1 Kxd8 30. Rxd2+ 1-0

[Event "La Valetta ol (Men)"]
[Site "La Valetta"]
[Date "1980.11.21"]
[Round "2"]
[White "Sax, Gyula"]
[Black "Hoen, Ragnar Harald"]
[Result "1-0"]
[WhiteElo "2550"]
[BlackElo "2370"]
[PlyCount "79"]
[EventDate "1980.11.20"]
[EventType "team"]
[EventRounds "14"]
[EventCountry "MLT"]
[Source "ChessBase"]
[SourceDate "1999.11.16"]
[WhiteTeam "HUN"]
[BlackTeam "NOR"]
[WhiteTeamCountry "HUN"]
[BlackTeamCountry "NOR"]

1. e4 e5 2. Nf3 Nc6 3. Bb5 a6 4. Ba4 Nf6 5. O-O Be7 6. Re1 b5 7. Bb3 O-O 8. h3
d6 9. c3 Na5 10. Bc2 c5 11. d4 Qc7 12. Nbd2 cxd4 13. cxd4 Bd7 14. Nf1 Rfc8 15.
Ne3 exd4 16. Nxd4 Nc6 17. Nef5 Bf8 18. Bg5 Nxd4 19. Nxd4 Be7 20. Qd2 Qd8 21.
Rad1 h6 22. Bf4 Ne8 23. Bb3 Bf6 24. Re3 Qe7 25. Nf5 Bxf5 26. exf5 Qd7 27. Bd5
Ra7 28. Qe2 Nc7 29. Bb3 d5 30. Rg3 Qxf5 31. Bxh6 Ne6 32. Rxd5 Nf4 33. Qf3 Rc1+
34. Kh2 Qb1 35. Rxg7+ Bxg7 36. Qxf4 Rh1+ 37. Kg3 Qg6+ 38. Rg5 Qxh6 39. Qb8+ Kh7
40. Bc2+ 1-0

[Event "La Valetta ol (Men)"]
[Site "La Valetta"]
[Date "1980.11.29"]
[Round "9"]
[White "Sax, Gyula"]
[Black "Hurme, Harri M"]
[Result "1-0"]
[WhiteElo "2550"]
[BlackElo "2310"]
[PlyCount "57"]
[EventDate "1980.11.20"]
[EventType "team"]
[EventRounds "14"]
[EventCountry "MLT"]
[Source "ChessBase"]
[SourceDate "1999.11.16"]
[WhiteTeam "HUN"]
[BlackTeam "FIN"]
[WhiteTeamCountry "HUN"]
[BlackTeamCountry "FIN"]

1. e4 c5 2. d3 g6 3. g3 Bg7 4. Bg2 Nc6 5. f4 e6 6. Nf3 Nge7 7. O-O O-O 8. c3 d5
9. e5 b6 10. Be3 a5 11. Bf2 Ra7 12. Na3 Ba6 13. Nc2 d4 14. cxd4 Nxd4 15. Nfxd4
cxd4 16. Nxd4 Rd7 17. Qa4 Bxd3 18. Rfd1 b5 19. Qa3 Bc4 20. Bf3 b4 21. Qa4 Bd5
22. Nb3 Bxf3 23. Rxd7 Qe8 24. Nxa5 Bc6 25. Nxc6 Qxd7 26. Nxe7+ Qxe7 27. Qc6 Rb8
28. Rd1 b3 29. Bc5 1-0

[Event "La Valetta ol (Men)"]
[Site "La Valetta"]
[Date "1980.11.28"]
[Round "8"]
[White "Sax, Gyula"]
[Black "Parma, Bruno"]
[Result "1/2-1/2"]
[WhiteElo "2550"]
[BlackElo "2540"]
[PlyCount "25"]
[EventDate "1980.11.20"]
[EventType "team"]
[EventRounds "14"]
[EventCountry "MLT"]
[Source "ChessBase"]
[SourceDate "1999.11.16"]
[WhiteTeam "HUN"]
[BlackTeam "YUG"]
[WhiteTeamCountry "HUN"]
[BlackTeamCountry "YUG"]

1. e4 c5 2. Nf3 d6 3. d4 cxd4 4. Nxd4 Nf6 5. Nc3 g6 6. Be2 Bg7 7. Nb3 O-O 8.
O-O Nc6 9. Bg5 Be6 10. Kh1 h6 11. Bh4 g5 12. Bg3 d5 13. Nc5 1/2-1/2

[Event "La Valetta ol (Men)"]
[Site "La Valetta"]
[Date "1980.12.02"]
[Round "11"]
[White "Sax, Gyula"]
[Black "Plachetka, Jan"]
[Result "1/2-1/2"]
[WhiteElo "2550"]
[BlackElo "2480"]
[PlyCount "22"]
[EventDate "1980.11.20"]
[EventType "team"]
[EventRounds "14"]
[EventCountry "MLT"]
[Source "ChessBase"]
[SourceDate "1999.11.16"]
[WhiteTeam "HUN"]
[BlackTeam "CSR"]
[WhiteTeamCountry "HUN"]
[BlackTeamCountry "CSR"]

1. e4 c6 2. d4 d5 3. e5 Bf5 4. Nc3 e6 5. g4 Bg6 6. Nge2 Bb4 7. Bg2 Ne7 8. Nf4
Nd7 9. O-O Bxc3 10. bxc3 Nb6 11. Rb1 Qc7 1/2-1/2

[Event "La Valetta ol (Men)"]
[Site "La Valetta"]
[Date "1980.12.04"]
[Round "13"]
[White "Sax, Gyula"]
[Black "Radulov, Ivan"]
[Result "1/2-1/2"]
[WhiteElo "2550"]
[BlackElo "2490"]
[PlyCount "28"]
[EventDate "1980.11.20"]
[EventType "team"]
[EventRounds "14"]
[EventCountry "MLT"]
[Source "ChessBase"]
[SourceDate "1999.11.16"]
[WhiteTeam "HUN"]
[BlackTeam "BUL"]
[WhiteTeamCountry "HUN"]
[BlackTeamCountry "BUL"]

1. e4 c5 2. Nf3 d6 3. d4 cxd4 4. Nxd4 Nf6 5. Nc3 Nc6 6. f4 a6 7. Nf3 e6 8. Bd3
Be7 9. O-O O-O 10. Qe1 Nb4 11. a3 Nxd3 12. cxd3 b5 13. Kh1 Nd7 14. Nd4 Bf6
1/2-1/2